The Entrepreneur Mind: (Record no. 9441)

MARC details
000 -LEADER
fixed length control field 00453nam a22001457a 4500
008 - FIXED-LENGTH DATA ELEMENTS--GENERAL INFORMATION
fixed length control field 230331b |||||||| |||| 00| 0 eng d
020 ## - INTERNATIONAL STANDARD BOOK NUMBER
International Standard Book Number 978-81-8495-784-6
082 ## - DEWEY DECIMAL CLASSIFICATION NUMBER
Classification number 658.42
100 ## - MAIN ENTRY--PERSONAL NAME
Personal name Kevin. D . Johnson
245 ## - TITLE STATEMENT
Title The Entrepreneur Mind:
Remainder of title 100 essential beliefs, characteristics and habits of Elite Entrepreneurs
260 ## - PUBLICATION, DISTRIBUTION, ETC.
Name of publisher, distributor, etc. Jaico Publishing House,
Date of publication, distribution, etc. 2013
300 ## - PHYSICAL DESCRIPTION
Extent 251 p.
Dimensions 22 cm
942 ## - Added entry Elements (Koha)
Source of classification or shelving scheme Dewey Decimal Classification
Holdings
Withdrawn status Lost status Source of classification or shelving scheme Damaged status Not for loan Collection code Home library Current library Shelving location Date acquired Serial Enumeration / chronology Total Checkouts Total Renewals Full call number Barcode Checked out Date last seen Date last checked out Price effective from Koha item type
    Dewey Decimal Classification     Popular Collection RTC Library RTC Library Popular Collection 31/03/2023 177279 6 3 658.42 JOH 30018687 25/05/2026 10/05/2026 10/05/2026 31/03/2023 Main
Royal Thimphu College || All Right Reserved